000 00542nam a2200181Ia 4500
005 20250923145520.0
008 008 250917s9999 xx 000 0 eng d
037 _aTextual
040 _aDSWL
_beng
_cDSWL
041 _aeng
_2eng
084 _aY15:1:461, N79
_qDSWL
100 _aMyntti, C.
_9836123
245 0 _aWomen and development in Yemen Arab Republic
_c by C.Myntti
260 _bGerman Agency for Technical Co. Ltd.
_c1979
300 _a169 p.
942 _cTEXL
_hY15:1:461, N79
999 _c1452314
_d1452314